Archaeology, ideology and society : the German experience
Saved in:
| Main Author: | |
|---|---|
| Format: | Book |
| Language: | English |
| Published: |
Frankfurt am Main :
Lang Peter,
c2002
|
| Edition: | 2nd ed., rev. |
| Series: | Gesellschaften und Staaten im Epochenwandel
|
| Subjects: | |
| Tags: |
Add Tag
No Tags, Be the first to tag this record!
|
MARC
| LEADER | 00000cam a2200000 i 4500 | ||
|---|---|---|---|
| 001 | 1/75989 | ||
| 008 | 050509s2002 eng d | ||
| 020 | |a 3-631-38994-9 | ||
| 035 | |l 10077856 | ||
| 040 | |a GR-MY-UA |b gre |e aacr | ||
| 041 | 0 | |a eng | |
| 082 | 0 | |a 930.10943 |2 (21) | |
| 100 | 1 | |a Harke, Heinrich G. H. | |
| 245 | 1 | 0 | |a Archaeology, ideology and society : |b the German experience / |c Heinrich Harke (ed.) |
| 250 | |a 2nd ed., rev. | ||
| 260 | |a Frankfurt am Main : |b Lang Peter, |c c2002 | ||
| 300 | |a 437 σ.; |b εικ.; |c 21 εκ. | ||
| 490 | 1 | |a Gesellschaften und Staaten im Epochenwandel |v ; Band 7 | |
| 504 | |a Περιέχει βιβλιογραφικές παραπομπές και ευρετήριο | ||
| 650 | 0 | 0 | |a Archaeology and state |z Germany |x History |y 19th century. |
| 650 | 0 | 0 | |a Archaeology and state |z Germany |x History |y 20th century. |
| 650 | 0 | 0 | |a Nationalism |z Germany |x History |y 19th century. |
| 650 | 0 | 0 | |a Nationalism |z Germany |x History |y 20th century. |
| 650 | 0 | 0 | |a National socialism. |
| 651 | 0 | |a Germany |x Cultural policy. | |
| 830 | 0 | |a Gesellschaften und Staaten im Epochenwandel | |
| 852 | |a INST |b LESVOS |e 20050509 |h 930.10943 ARC |p 005100029807 |q 005100029807 |t BK |y 0 | ||
| 901 | |a BIBL1-2005-2 | ||
| 909 | |a Λ |b 114923 | ||
| 920 | |a ΔΙΕΥΡΥΝΣΗ |b ΕΠΕΑΕΚ-ΠΤΕ |y ΛΕΣΒΟΣ |z 2004-10 | ||
| 970 | |a ΜΑΡΙΝΑΤΟΥ |b ΜΥΡΣΙΝΗ |z 2005/04/9 | ||